000 00664nam a2200205 a 4500
001 000011303
005 20240412074225.0
008 091016t1984 dr a r 000 j spa d
040 _aDO-SdBNP
_bspa
_cBNPHU
082 _aRD862.44
_bQ6a
100 1 _aQuidiello de Bosch, Carmen,
_d1915-
_98255
245 1 0 _aAlguien espera junto al puente /
_cCarmen Quidiello de Bosch.
260 _aSanto Domingo :
_bAlfa y Omega,
_c1984.
300 _a147 p. :
_bil. ;
_c19 cm.
590 _aInventariado, 2019/DG
650 0 _aTeatro dominicano
_9637
650 0 _aLiteratura dominicana.
_967
650 4 _aLiteratura cubana
_91483
910 _aValidado. Control de calidad. EMS
999 _c11010
_d11010